Регионална библиотека "Любен Каравелов" - Русе

Кожни прояви при вътрешни болести (Запис номер 121138)

MARC детайли
000 -Лидер
Контролно поле с фиксирана дължина 01571nam a2200349 c 4500
003 - Код на организацията, давaща контролен номер
Контролно поле BLK
005 - Дата и час на последна редакция
Контролно поле 20190321140409.0
008 - Елементи от данни с фиксирана дължина
fixed length control field 180409b bul|||||r ||||||| ||bul||
010 ## - Наследен системен номер
LC control number KNG00126760000
040 ## - Източник на каталожния запис
Идентификатор на билиотеката - собственик на записа BLK
041 ## - Код за език
Код за езика на текст/звукозапис или на отделно заглавие Български
Код за езика КДБФ Български
080 ## - УДК
Текстов определител УДК Вътрешни болести
УДК код - определител по УДК 616.1/.4
УДК определител
УДК - код + определител 616.1/.4
080 ## - УДК
Текстов определител УДК Дерматология. Кожни болести
УДК код - определител по УДК 616.5
УДК определител
УДК - код + определител 616.5
100 1# - Редна дума - Автор
Автор Андреев, Владимир Христов
Авторска отговорност първи автор
R(LIN) 366928
139 ## - Редно поле
Редна дума Андреев, Владимир Христов и др.
Авторски знак Андр - А 66
245 10 - Сведения за заглавието
Заглавие Кожни прояви при вътрешни болести
Подзаглавни данни Моногр.
Редно поле (дума) Владимир Христов Андреев; съавт. Никола Ботев Златков.
257 ## - Страна на издаване
Страна на създаване/издаване България
260 ## - Област на издателските данни
-- София
Име на издателя, разпространителя и проч. Медицина и физкултура
Година на издаване 1982
Печатница Пловдив : Д. Благоев
300 ## - Физическа характеристика
Страници 235 с.
Илюстрации и др. с ил., 4 л. цв. ил.
Размери/Мащаб 22 см
380 ## - Жанр
Жанр Медицина
500 ## - Общи забележки
Забележка Библиогр. след отд. гл. - Предм. показалец.
650 #4 - Допълнително описание по предмет – тема
Основно описание – тема или топоним Вътрешни болести - кожни прояви
9 (RLIN) 249016
653 ## - Ключова дума – ненормативна
Ключова дума кожни болести
653 ## - Ключова дума – ненормативна
Ключова дума вътрешни болести
653 ## - Ключова дума – ненормативна
Ключова дума дерматология
700 1# - Други автори (авторска отговорност)
Лично име Златков, Никола Ботев
Автороска отговорност (Описва отношението между автора и произведението) съавт.
9 (RLIN) 364347
852 ## - Местоположение
Форматна сигнатура Цб 115345
856 4# - Електронен адрес и достъп
Електронен формат pdf - файл
Път до файла /url/
856 4# - Електронен адрес и достъп
Електронен формат pdf - файл
Път до файла /url/
942 ## - АРТИКУЛИ
Вид на библиотечния материал Книги
Скрит в OPAC Не
Koha issues (borrowed), all copies 1
944 ## - СЪЗДАВАНЕ И РЕДАКЦИЯ на ЗАПИСА
Създаване/Редакция Създаване
Дата на регистрацията/редакция 28.01.2012
Статус, дата на статуса 28.01.2012 - от С1,Р / 28.01.2012
Служител, извършил регистрацията/редакцията Виолета_Тройчева
944 ## - СЪЗДАВАНЕ И РЕДАКЦИЯ на ЗАПИСА
Създаване/Редакция Редакция
Дата на регистрацията/редакция 28.01.2012
Статус, дата на статуса 28.01.2012 - от С1,Р / 28.01.2012
Служител, извършил регистрацията/редакцията
999 ## - СИСТЕМНИ КОНТРОЛНИ НОМЕРА
Koha biblionumber 121138
Koha biblioitemnumber 121138
Наличности
Код за отписване Код за изгубен артикул Източник на класификационната схема Код за повреда Коз за рестрикции Код за отдаване Артикулен № Име на библиотеката - собственик Име на библиотеката, в която се намира в момента Статус (Текущо местоположение) Дата на вписване в системата Местоположение - отдел Цена в лева Инвентарен номер Систематично азбучна сигнатура Баркод Номер на екземпляра Цена в евро Служебна бележка Служебен тип на артикула
  Не е изгубен Universal Decimal Classification Не е повреден без рестрикции ползва се в читалня 195727 Регионална библиотека "Любен Каравелов" Русе Регионална библиотека "Любен Каравелов" Русе Хранилище 1982-01-01 Хранилище 3.51 356310 Цб 115345 120000356310 1 1.79 Дост: Dp Вид: Д N: стар фонд Дата: 01.01.1982 Книги
Изтеглен Не е изгубен Universal Decimal Classification Не е повреден без рестрикции заемане за дома 195728 Регионална библиотека "Любен Каравелов" Русе Регионална библиотека "Любен Каравелов" Русе Заемна - подръчен фонд 1982-01-01 Заемна - подръчен фонд 3.51 355720 П 616.1/.4/А 66 355720 2 1.79 Дост: Pk Вид: Ф N: стар фонд Дата: 01.01.1982 Книги
  Не е изгубен Universal Decimal Classification Не е повреден без рестрикции заемане за дома 195729 Регионална библиотека "Любен Каравелов" Русе Регионална библиотека "Любен Каравелов" Русе Заемна - подръчен фонд 1982-01-01 Заемна - подръчен фонд 3.51 355721 П 616.1/.4/А 66 120000355721 3 1.79 Дост: Pk Вид: Ф N: стар фонд Дата: 01.01.1982 Дата инв: 02.02.2018 Бележки инв: П2018 Книги
Vip Innovations Ltd, Rousse, Bulgaria 2025